Science Quiz

Random Science or Blitz Quiz

1 to 300 Prime Factor Blitz Quiz Stats

 Plays Quiz Updated Dec 13, 2017

Challenge
Share
Tweet
Embed
Score 0/300 Timer 01:30
2 Plays Today
% Correct
126
99.9%
42
99.8%
66
99.8%
78
99.8%
84
99.8%
120
99.8%
132
99.8%
198
99.8%
6
99.8%
12
99.8%
30
99.8%
60
99.8%
90
99.8%
102
99.8%
114
99.8%
210
99.8%
18
99.8%
108
99.8%
150
99.8%
156
99.8%
168
99.8%
180
99.8%
234
99.8%
252
99.8%
264
99.8%
294
99.8%
24
99.8%
36
99.8%
54
99.8%
72
99.8%
96
99.8%
138
99.8%
240
99.8%
270
99.8%
300
99.8%
48
99.8%
144
99.8%
204
99.8%
228
99.8%
162
99.8%
174
99.8%
186
99.8%
192
99.8%
216
99.8%
222
99.8%
246
99.8%
258
99.8%
276
99.8%
282
99.8%
288
99.8%
1
99.7%
140
99.7%
110
99.7%
220
99.7%
70
99.7%
154
99.7%
14
99.7%
112
99.7%
130
99.7%
182
99.7%
260
99.7%
280
99.7%
10
99.7%
22
99.7%
28
99.7%
44
99.7%
56
99.7%
88
99.7%
98
99.7%
176
99.7%
20
99.7%
40
99.7%
50
99.7%
80
99.7%
100
99.7%
170
99.7%
190
99.7%
238
99.7%
242
99.7%
266
99.7%
286
99.7%
26
99.6%
52
99.6%
160
99.6%
196
99.6%
224
99.6%
104
99.6%
200
99.6%
230
99.6%
250
99.6%
290
99.6%
105
99.6%
208
99.6%
15
99.6%
165
99.6%
9
99.6%
195
99.6%
231
99.6%
273
99.6%
21
99.6%
% Correct
45
99.6%
68
99.6%
135
99.6%
147
99.6%
255
99.6%
285
99.6%
34
99.6%
38
99.6%
63
99.6%
75
99.6%
76
99.6%
117
99.6%
136
99.6%
225
99.6%
33
99.5%
39
99.5%
99
99.5%
152
99.5%
272
99.5%
297
99.5%
51
99.5%
57
99.5%
189
99.5%
4
99.5%
8
99.5%
69
99.5%
87
99.5%
111
99.5%
123
99.5%
129
99.5%
153
99.5%
27
99.5%
93
99.5%
171
99.5%
207
99.5%
267
99.5%
3
99.5%
16
99.5%
81
99.5%
116
99.5%
141
99.5%
159
99.5%
201
99.5%
213
99.5%
219
99.5%
237
99.5%
261
99.5%
279
99.5%
291
99.5%
74
99.5%
86
99.5%
106
99.5%
118
99.5%
122
99.5%
134
99.5%
177
99.5%
183
99.5%
243
99.5%
249
99.5%
58
99.5%
62
99.5%
82
99.5%
92
99.5%
94
99.5%
124
99.5%
142
99.5%
146
99.5%
148
99.5%
254
99.5%
262
99.5%
274
99.5%
278
99.5%
2
99.5%
32
99.5%
46
99.5%
64
99.5%
128
99.5%
158
99.5%
164
99.5%
166
99.5%
172
99.5%
178
99.5%
202
99.5%
206
99.5%
212
99.5%
214
99.5%
218
99.5%
226
99.5%
284
99.5%
296
99.5%
184
99.4%
188
99.4%
194
99.4%
232
99.4%
236
99.4%
244
99.4%
248
99.4%
268
99.4%
292
99.4%
298
99.4%
% Correct
256
99.4%
35
99.2%
175
99.2%
245
99.2%
275
99.1%
55
99.1%
65
99.1%
115
99.1%
85
99%
95
99%
145
99%
25
98.9%
155
98.9%
91
98.9%
161
98.9%
77
98.9%
119
98.9%
185
98.9%
205
98.9%
133
98.9%
235
98.9%
215
98.8%
203
98.8%
259
98.8%
217
98.8%
287
98.8%
295
98.8%
265
98.8%
125
98.7%
49
98.7%
5
98.7%
7
98.7%
253
98.3%
209
98.2%
187
98.2%
143
98.1%
299
98%
247
97.9%
221
97.8%
121
97.7%
11
97.6%
169
97.3%
13
97.2%
289
97%
17
96.9%
19
96.2%
23
95.9%
29
94.7%
31
93.1%
37
89.7%
71
87.1%
59
87.1%
67
87%
41
86.4%
53
86.1%
61
85.9%
73
85.8%
79
84.5%
43
84.4%
47
82.4%
83
80.9%
89
77.2%
107
73.7%
101
73.2%
113
73%
103
72.8%
127
72%
109
71.8%
97
71.7%
131
68.3%
137
63.8%
139
61.1%
157
57.1%
163
56.8%
167
55.4%
173
55.2%
149
54.1%
151
53.9%
179
53.8%
181
51.5%
191
46.1%
223
44%
211
44%
193
43.3%
227
41.6%
197
40.4%
229
39.9%
199
39.5%
233
36.7%
257
34.5%
269
33.8%
239
33.6%
263
33.5%
271
33.1%
251
31.9%
241
31.9%
277
31.2%
281
30.4%
283
28.8%
293
26.5%

You're not logged in!

Compare scores with friends on all Sporcle quizzes.
OR
Log In

You Might Also Like...

Show Comments

Extras

Top Quizzes Today


Score Distribution

Your Account Isn't Verified!

In order to create a playlist on Sporcle, you need to verify the email address you used during registration. Go to your Sporcle Settings to finish the process.

Report this User

Report this user for behavior that violates our Community Guidelines.

Details: